| 000 | 00955nam a22002537a 4500 | ||
|---|---|---|---|
| 003 | OSt | ||
| 005 | 20250414113756.0 | ||
| 008 | 200217t2019 ck ||||gr|||| 00| fdspa d | ||
| 020 | _a9789584278333 | ||
| 040 |
_aCO-JMCR _cCO-JMCR |
||
| 041 | 0 | _aspa | |
| 082 | 0 | 4 |
_aA-N _bECHe |
| 100 | 1 |
_aEcheverry, Juan Carlos, _eautor _9667 |
|
| 245 | 1 |
_aEn sitios más oscuros / _cJuan Carlos Echeverry |
|
| 250 | _aPrimera edición | ||
| 260 |
_aBogotá : _bPlaneta, _c©2019 |
||
| 300 |
_a155 páginas ; _c23 cm. |
||
| 490 | _aAutores Españoles e Iberoamericanos | ||
| 500 | _aDatos biográficos del autor en solapa posterior. | ||
| 520 | _aA Aristides se lo tragó la Manigua y jamás quiso volver a Bogotá. Después de una década de haber abandonado a su esposa y sus cuatro hijos, decide pedirle a dos de ellos que lo acompañen en una misteriosa empresa. | ||
| 650 | 1 | 4 |
_aNovela _zBogotana _9668 |
| 650 | 1 | 4 |
_aNovela _xfamilia _9669 |
| 942 |
_2ddc _cBK |
||
| 999 |
_c6538 _d6538 |
||